Monthly labor review
Publishes in-depth articles on labor subjects, current labor statistics, information about current labor contracts, and book reviews.
| Previous Title: | Monthly review of the U.S. Bureau of Labor Statistics (Online) Compensation and working conditions online |
|---|---|
| Corporate Author: | |
| Format: | Government Document Electronic Journal |
| Language: | English |
| Published: |
Washington :
Government Printing Office,
1918-
|
| Subjects: | |
| Online Access: | Full text available from Research Library: 01/01/1987 to present |
MARC
| LEADER | 00000nas a2200000 a 4500 | ||
|---|---|---|---|
| 001 | ssj0000087 | ||
| 003 | WaSeSS | ||
| 005 | 20200512172242.0 | ||
| 006 | m d | ||
| 007 | cr n | ||
| 008 | 050615c19189999dcumr p s s f0 a0eng c | ||
| 010 | |a 2006230179 | ||
| 022 | |a 1937-4658 |l 0098-1818 |y 0098-1818 | ||
| 035 | |a (WaSeSS)ssj0000087 | ||
| 040 | |a OCLCS |b eng |e pn |c OCLCS |d GPO |d NSD |d GPO |d EYM |d OCLCA |d OCLCQ |d GPO |d CUS |d GPO |d OCLCQ |d OCLCA |d OCLCQ |d GPO |d EYM |d GPO |d OCLCF |d OCLCO |d VT2 |d OCLCQ |d GILDS |d OCLCO |d GPO |d TLK |d OCLCO |d GXR |d OCLCO |d TXR |d OCLCO |d AUD |d WaSeSS | ||
| 042 | |a nsdp |a pcc | ||
| 043 | |a n-us--- | ||
| 050 | 4 | |a HD8051 |b .A78 | |
| 060 | 0 | 0 | |a W2 A |b B88m |
| 074 | |a 0770-A-01 (online) | ||
| 082 | 1 | 4 | |a 331 |2 14 |
| 086 | 0 | |a L 2.6: | |
| 130 | 0 | |a Monthly labor review (Online) | |
| 222 | 0 | |a Monthly labor review |b (Online) | |
| 245 | 1 | 0 | |a Monthly labor review |h [electronic resource] / |c U.S. Department of Labor, Burea of Labor Statistics. |
| 246 | 1 | |a MLR | |
| 246 | 1 | |a Monthly labor review online | |
| 260 | |a Washington : |b Government Printing Office, |c 1918- | ||
| 310 | |a Monthly | ||
| 362 | 1 | |a Print began with vol. 7, no. 1 (July 1918). | |
| 506 | |a License restrictions may limit access. | ||
| 520 | |a Publishes in-depth articles on labor subjects, current labor statistics, information about current labor contracts, and book reviews. | ||
| 555 | |a <1991-1995> 1 v.; 1991-2005. 1 v.; 1996-2010. 15 v. | ||
| 580 | |a Complemented by: MLR, the editor's desk. | ||
| 588 | |a Description based on: Vol. 7, no. 1 (July 1918); title from PDF volume title page (JSTOR, viewed Sept. 13, 2013). | ||
| 588 | |a Latest issue consulted: Vol. 136, no. 6 (June 2013) (HeinOnline, viewed Sept. 9, 2013). | ||
| 650 | 0 | |a Working class |z United States |v Periodicals. | |
| 650 | 0 | |a Working class |v Periodicals. | |
| 650 | 0 | |a Labor supply |z United States |v Statistics |v Periodicals. | |
| 650 | 0 | |a Labor laws and legislation |z United States |v Periodicals. | |
| 650 | 0 | |a Labor laws and legislation |v Periodicals. | |
| 650 | 7 | |a Labor laws and legislation. |2 fast |0 (OCoLC)fst00989967 | |
| 650 | 7 | |a Labor supply. |2 fast |0 (OCoLC)fst00990165 | |
| 650 | 7 | |a Working class. |2 fast |0 (OCoLC)fst01180418 | |
| 651 | 7 | |a United States. |2 fast |0 (OCoLC)fst01204155 | |
| 655 | 0 | |a Electronic journals. | |
| 710 | 1 | |a United States. |b Bureau of Labor Statistics. | |
| 776 | 0 | 8 | |i Print version, 1918-2007: |t Monthly labor review |x 0098-1818 |w (DLC) 15026485 |w (OCoLC)5345258 |
| 780 | 0 | 0 | |t Monthly review of the U.S. Bureau of Labor Statistics (Online) |w (DLC) 2013201277 |w (OCoLC)62907122 |
| 780 | 0 | 5 | |t Compensation and working conditions online |g 2012 |w (DLC) 2013230271 |w (OCoLC)52096179 |
| 787 | 1 | |t MLR, the editor's desk |w (DLC) 2007231701 |w (OCoLC)66525422 | |
| 856 | 4 | 0 | |z Full text available from Research Library: 01/01/1987 to present |u https://search.proquest.com/publication/42306 |